000 00354 a2200145 4500
001 165965
020 _a
040 _cMagnum
100 _aSalvador, Cesar Coll
240 1 0 _aAprendizagem escolar e construcao do conhecimento
_lpor
245 1 0 _aAprendizagem escolar e construcao do conhecimento
362 0 _a1899
697 _aENSINO
942 _cBK
999 _c165965
_d165965